<?xml version='1.0' encoding='UTF-8'?>
  <record xmlns="http://www.loc.gov/MARC21/slim">
    <leader>00000cam a22000007i 4500</leader>
    <controlfield tag="001">on1128859911</controlfield>
    <controlfield tag="003">OCoLC</controlfield>
    <controlfield tag="005">20251119105904.9</controlfield>
    <controlfield tag="008">191126s1563    gw            000 0 lat d</controlfield>
    <datafield tag="040" ind1=" " ind2=" ">
      <subfield code="a">QGJ</subfield>
      <subfield code="b">eng</subfield>
      <subfield code="e">rda</subfield>
      <subfield code="e">dcrmr</subfield>
      <subfield code="c">QGJ</subfield>
      <subfield code="d">OCLCQ</subfield>
      <subfield code="d">OCLCO</subfield>
      <subfield code="d">OCLCL</subfield>
      <subfield code="d">QGJ</subfield>
    </datafield>
    <datafield tag="035" ind1=" " ind2=" ">
      <subfield code="a">(OCoLC)1128859911</subfield>
    </datafield>
    <datafield tag="041" ind1="1" ind2=" ">
      <subfield code="a">lat</subfield>
      <subfield code="h">ger</subfield>
    </datafield>
    <datafield tag="100" ind1="1" ind2=" ">
      <subfield code="a">Eisengrein, Martin,</subfield>
      <subfield code="d">1535-1578,</subfield>
      <subfield code="e">author.</subfield>
      <subfield code="4">aut</subfield>
      <subfield code="1">https://id.oclc.org/worldcat/entity/E39PBJvmMHB3BkwD9PCT7RMQMP</subfield>
    </datafield>
    <datafield tag="240" ind1="1" ind2="0">
      <subfield code="a">Christliche Predigt, aus was Ursachen so viele Leut zum Luthertum fallen.</subfield>
      <subfield code="l">Latin</subfield>
    </datafield>
    <datafield tag="245" ind1="1" ind2="0">
      <subfield code="a">Concio egregia et catholica, cur tam multi hodiè ad Lutheranismum deficiant, vtq[ue] hisce calamitosis temporibus, aduersùs satanae tentationes, quibus is fidem oppugnat, resistendum sit, /</subfield>
      <subfield code="c">habita atque edita Germanicè Anno 62. ab Martino Eisengrein Stutgardien. Ingolstadij ad D. Mauricium Parocho, Latinè autem conuersa opera F. Laurentij Surij, Carthusiani.</subfield>
    </datafield>
    <datafield tag="246" ind1="3" ind2=" ">
      <subfield code="a">Concio egregia et catholica, cvr tam mvlti hodiè ad Lutheranismum deficiant</subfield>
    </datafield>
    <datafield tag="246" ind1="1" ind2="7">
      <subfield code="a">Explanatio Euangelij Dominicae inuocauit.</subfield>
    </datafield>
    <datafield tag="264" ind1=" " ind2="1">
      <subfield code="a">Coloniae :</subfield>
      <subfield code="b">Apud Maternum Cholinum,</subfield>
      <subfield code="c">Anno M.D.LXXX. [1563]</subfield>
    </datafield>
    <datafield tag="300" ind1=" " ind2=" ">
      <subfield code="a">[8], 183 pages ;</subfield>
      <subfield code="c">16 cm (8vo)</subfield>
    </datafield>
    <datafield tag="336" ind1=" " ind2=" ">
      <subfield code="a">text</subfield>
      <subfield code="b">txt</subfield>
      <subfield code="2">rdacontent</subfield>
    </datafield>
    <datafield tag="337" ind1=" " ind2=" ">
      <subfield code="a">unmediated</subfield>
      <subfield code="b">n</subfield>
      <subfield code="2">rdamedia</subfield>
    </datafield>
    <datafield tag="338" ind1=" " ind2=" ">
      <subfield code="a">volume</subfield>
      <subfield code="b">nc</subfield>
      <subfield code="2">rdacarrier</subfield>
    </datafield>
    <datafield tag="340" ind1=" " ind2=" ">
      <subfield code="m">8vo</subfield>
      <subfield code="2">rdabf</subfield>
    </datafield>
    <datafield tag="500" ind1=" " ind2=" ">
      <subfield code="a">Signatures: A⁴ a-l⁸ m⁴.</subfield>
    </datafield>
    <datafield tag="500" ind1=" " ind2=" ">
      <subfield code="a">With woodcut initials and printed marginalia.</subfield>
    </datafield>
    <datafield tag="500" ind1=" " ind2=" ">
      <subfield code="a">Pagination error: page 62 misnumbered 36.</subfield>
    </datafield>
    <datafield tag="510" ind1="4" ind2=" ">
      <subfield code="a">Verzeichnis der im deutschen Sprachbereich erschienenen Drucke des 16. Jahrhunderts (VD 16),</subfield>
      <subfield code="c">E 783</subfield>
      <subfield code="u">https://gateway-bayern.de/VD16+E+783</subfield>
    </datafield>
    <datafield tag="700" ind1="1" ind2=" ">
      <subfield code="a">Surius, Laurentius,</subfield>
      <subfield code="d">1522-1578,</subfield>
      <subfield code="e">translator,</subfield>
      <subfield code="e">dedicator.</subfield>
      <subfield code="4">trl</subfield>
      <subfield code="4">dto</subfield>
      <subfield code="1">https://id.oclc.org/worldcat/entity/E39PBJmXM7fq63Jk3XD3RTmTpP</subfield>
    </datafield>
    <datafield tag="700" ind1="1" ind2=" ">
      <subfield code="a">Cholinus, Maternus,</subfield>
      <subfield code="d">1525-1588,</subfield>
      <subfield code="e">printer.</subfield>
      <subfield code="4">prt</subfield>
      <subfield code="1">https://id.oclc.org/worldcat/entity/E39PBJmHGGKF7mPV3qxy44ryVC</subfield>
    </datafield>
    <datafield tag="700" ind1="1" ind2=" ">
      <subfield code="a">Gropper, Gottfried,</subfield>
      <subfield code="d">-1598,</subfield>
      <subfield code="e">dedicatee.</subfield>
      <subfield code="4">dte</subfield>
    </datafield>
    <datafield tag="752" ind1=" " ind2=" ">
      <subfield code="a">Germany</subfield>
      <subfield code="d">Cologne,</subfield>
      <subfield code="e">publication place.</subfield>
      <subfield code="4">pup</subfield>
    </datafield>
    <datafield tag="758" ind1=" " ind2=" ">
      <subfield code="i">has work:</subfield>
      <subfield code="a">Concio egregia et catholica, cur tam multi hodie ad Lutheranismum deficiant: vtq[ue] hisce calamitosis temporibus, aduersus satanae tentationes, quibus is fidem oppugnat, resistendum sit (Text)</subfield>
      <subfield code="1">https://id.oclc.org/worldcat/entity/E39PCFvCVhrb3tFYm3D9f8Pw3P</subfield>
      <subfield code="4">https://id.oclc.org/worldcat/ontology/hasWork</subfield>
    </datafield>
    <datafield tag="765" ind1="0" ind2="8">
      <subfield code="i">Translation of:</subfield>
      <subfield code="a">Eisengrein, Martin, 1535-1578.</subfield>
      <subfield code="t">Ein Christenliche predig, Auss was ursachen, so vil Leut, in vilen landen, vom Papstum̃ zum Luthertum̃ fallen.</subfield>
      <subfield code="d">Getruckt zů Jngolstat : Durch Alexander und Samual Weyssenhorn, [1562].</subfield>
    </datafield>
  </record>